[Event "19. Obert Int. Sant Marti 2017"]
[Site "Barcelona ESP"]
[Date "2017.07.19"]
[Round "7.16"]
[White "Priebe, Jan"]
[Black "Perpinya Rofes, Lluis Maria"]
[Result "1-0"]
[WhiteElo "2272"]
[BlackElo "2352"]
[PlyCount "73"]
[EventDate "2017.07.13"]
[EventType "swiss"]
[EventRounds "9"]
[EventCountry "ESP"]
[SourceTitle "Ajedrez en Madrid"]
[Source "lmi"]
[SourceDate "2017.07.13"]
[SourceVersion "1"]
[SourceVersionDate "2019.06.21"]
[SourceQuality "1"]

1. e4 c5 2. Nf3 Nc6 3. d4 cxd4 4. Nxd4 Nf6 5. Nc3 d6 6. Bc4 Qb6 7. Nxc6 bxc6 8.
O-O g6 9. e5 dxe5 10. Qe2 Qd4 11. Be3 Qd6 12. Rfd1 Qc7 13. Qf3 Bg4 14. Nb5 Qb7
15. Nd6+ exd6 16. Qxf6 Bxd1 17. Qxh8 Bxc2 18. Rc1 Bf5 19. Bh6 Qe7 20. Ba6 Rb8
21. Rxc6 Rxb2 22. h3 Kd7 23. Rc1 Rb8 24. a4 Be4 25. Be3 Bc6 26. Qxh7 Rb4 27.
Bc4 d5 28. Bb5 Bxb5 29. axb5 d4 30. Bg5 Qxg5 31. Qxf7+ Be7 32. Qd5+ Bd6 33. Ra1
Ra4 34. Qc6+ Ke6 35. Rxa4 Qd2 36. Qc4+ Kf6 37. Ra6 1-0

[Event "19. Obert Int. Sant Marti 2017"]
[Site "Barcelona ESP"]
[Date "2017.07.19"]
[Round "7.17"]
[White "Moksh, Amit Doshi"]
[Black "Arjun, Kalyan"]
[Result "1-0"]
[WhiteElo "2154"]
[BlackElo "2347"]
[PlyCount "81"]
[EventDate "2017.07.13"]
[EventType "swiss"]
[EventRounds "9"]
[EventCountry "ESP"]
[SourceTitle "Ajedrez en Madrid"]
[Source "lmi"]
[SourceDate "2017.07.13"]
[SourceVersion "1"]
[SourceVersionDate "2019.06.21"]
[SourceQuality "1"]

1. d4 d5 2. c4 c6 3. Nf3 Nf6 4. e3 Bf5 5. Nc3 e6 6. Nh4 Be4 7. f3 Bg6 8. Qb3
Qc7 9. Bd2 Be7 10. cxd5 cxd5 11. Nxg6 hxg6 12. O-O-O Nc6 13. Kb1 a6 14. Rc1 O-O
15. Qd1 b5 16. g4 Qb6 17. h4 Na5 18. h5 gxh5 19. Bd3 Rfc8 20. g5 Ne8 21. f4 g6
22. f5 Rxc3 23. Bxc3 exf5 24. Bxa5 Qxa5 25. Bxf5 Ng7 26. Bd3 Bxg5 27. Qf3 Rd8
28. Rhg1 Ne6 29. Rc6 Re8 30. Rf1 Nd8 31. Qxd5 Qd2 32. Bxg6 Qxe3 33. Bxf7+ Kh8
34. Rc3 Qe4+ 35. Qxe4 Rxe4 36. d5 h4 37. Bg6 Rf4 38. Rg1 Bf6 39. Rc7 Rf2 40.
Bc2 Bg5 41. Rh7+ 1-0

[Event "19. Obert Int. Sant Marti 2017"]
[Site "Barcelona ESP"]
[Date "2017.07.19"]
[Round "7.18"]
[White "Aishwin, Daniel"]
[Black "Escalante Ramirez, Brian Sebas"]
[Result "1/2-1/2"]
[WhiteElo "2031"]
[BlackElo "2340"]
[PlyCount "46"]
[EventDate "2017.07.13"]
[EventType "swiss"]
[EventRounds "9"]
[EventCountry "ESP"]
[SourceTitle "Ajedrez en Madrid"]
[Source "lmi"]
[SourceDate "2017.07.13"]
[SourceVersion "1"]
[SourceVersionDate "2019.06.21"]
[SourceQuality "1"]

1. e4 c5 2. Nf3 d6 3. d4 cxd4 4. Nxd4 Nf6 5. Nc3 Nc6 6. Bg5 e6 7. Qd2 a6 8.
O-O-O h6 9. Nxc6 bxc6 10. Bf4 d5 11. Qe3 Bb4 12. Be2 O-O 13. e5 Nh7 14. h4 Qa5
15. Rh3 Bc5 16. Qg3 Kh8 17. Bd3 Bd7 18. Bxh7 Kxh7 19. Qd3+ Kh8 20. Bxh6 gxh6
21. Qd2 Kh7 22. Qd3+ Kh8 23. Qd2 Kh7 1/2-1/2

[Event "19. Obert Int. Sant Marti 2017"]
[Site "Barcelona ESP"]
[Date "2017.07.19"]
[Round "7.19"]
[White "Rizouk, Aimen"]
[Black "Gonzalez Rodriguez, Jorge A."]
[Result "1-0"]
[WhiteElo "2472"]
[BlackElo "2274"]
[PlyCount "57"]
[EventDate "2017.07.13"]
[EventType "swiss"]
[EventRounds "9"]
[EventCountry "ESP"]
[SourceTitle "Ajedrez en Madrid"]
[Source "lmi"]
[SourceDate "2017.07.13"]
[SourceVersion "1"]
[SourceVersionDate "2019.06.21"]
[SourceQuality "1"]

1. e4 e6 2. d4 d5 3. Nd2 c5 4. Ngf3 cxd4 5. Nxd4 Nc6 6. Bb5 Bd7 7. Nxc6 Bxc6 8.
Bxc6+ bxc6 9. c4 Nf6 10. Qa4 Qd7 11. e5 Ng8 12. O-O c5 13. Qc2 d4 14. Ne4 f5
15. exf6 gxf6 16. Re1 Kf7 17. Qd1 h5 18. a4 Rc8 19. Ra3 Ne7 20. Rh3 Ng6 21. Qf3
Bg7 22. Ng5+ Kg8 23. Nxe6 Re8 24. Qd5 Qxd5 25. cxd5 Kf7 26. Kf1 Ne7 27. Rg3 Bf8
28. d6 Nc6 29. Ng5+ 1-0

[Event "19. Obert Int. Sant Marti 2017"]
[Site "Barcelona ESP"]
[Date "2017.07.19"]
[Round "7.20"]
[White "Frayna, Janelle Mae"]
[Black "Gonzales, Jayson"]
[Result "1/2-1/2"]
[WhiteElo "2235"]
[BlackElo "2399"]
[PlyCount "48"]
[EventDate "2017.07.13"]
[EventType "swiss"]
[EventRounds "9"]
[EventCountry "ESP"]
[SourceTitle "Ajedrez en Madrid"]
[Source "lmi"]
[SourceDate "2017.07.13"]
[SourceVersion "1"]
[SourceVersionDate "2019.06.21"]
[SourceQuality "1"]

1. d4 Nf6 2. c4 c6 3. Nf3 d5 4. cxd5 cxd5 5. Nc3 Nc6 6. Bf4 Bf5 7. e3 e6 8. Bd3
Bxd3 9. Qxd3 Bd6 10. Bxd6 Qxd6 11. O-O O-O 12. a3 Rfc8 13. b4 h6 14. Rfc1 Nd7
15. Na4 b6 16. h3 Rc7 17. Rc3 Rac8 18. Rac1 Ncb8 19. Rxc7 Rxc7 20. Rxc7 Qxc7
21. Qc3 Qc6 22. Qxc6 Nxc6 23. Kf1 Kf8 24. Nc3 Nd8 1/2-1/2

[Event "19. Obert Int. Sant Marti 2017"]
[Site "Barcelona ESP"]
[Date "2017.07.19"]
[Round "7.21"]
[White "Gutierrez Olivares, Daniel"]
[Black "Pinero Fernandez, Xavier"]
[Result "0-1"]
[WhiteElo "2352"]
[BlackElo "2233"]
[PlyCount "126"]
[EventDate "2017.07.13"]
[EventType "swiss"]
[EventRounds "9"]
[EventCountry "ESP"]
[SourceTitle "Ajedrez en Madrid"]
[Source "lmi"]
[SourceDate "2017.07.13"]
[SourceVersion "1"]
[SourceVersionDate "2019.06.21"]
[SourceQuality "1"]

1. e4 c6 2. Qe2 d5 3. d3 g6 4. g3 Bg7 5. Bg2 dxe4 6. dxe4 b6 7. Nf3 Ba6 8. c4
e5 9. O-O Qe7 10. b3 Nf6 11. Bb2 Nbd7 12. Ba3 c5 13. Nc3 O-O 14. Rad1 Rad8 15.
Rfe1 Nb8 16. Nd5 Nxd5 17. exd5 Rfe8 18. h4 Bc8 19. Nd4 Bd7 20. Nc2 Qd6 21. b4
Na6 22. bxc5 Nxc5 23. Nb4 e4 24. Na6 e3 25. Kh2 Bc3 26. Rf1 Bg4 27. f3 Bf5 28.
Nb4 Nd3 29. Nc2 Nf4 30. gxf4 Qxf4+ 31. Kg1 Be5 32. Rfe1 Qh2+ 33. Kf1 Bh3 34.
Nxe3 Bg3 35. Qd2 Qh1+ 36. Ke2 Qxg2+ 37. Kd3 Qxf3 38. Re2 Bg4 39. Bc1 Qxe2+ 40.
Qxe2 Bxe2+ 41. Kxe2 Bxh4 42. Kd3 Bg5 43. Ng4 Bxc1 44. Rxc1 Kg7 45. Kd4 Re2 46.
Ne5 Rd2+ 47. Kc3 Rxa2 48. Rf1 f6 49. Nc6 Rd7 50. Rd1 Re2 51. Nb8 Rb7 52. Na6
Re8 53. Kb4 Kf7 54. Kb5 Rc8 55. Rd4 g5 56. Nb4 Rc5+ 57. Ka4 b5+ 58. cxb5 Rcxb5
59. Nc6 Rb1 60. Nd8+ Ke7 61. Nxb7 Rxb7 62. Re4+ Kd7 63. Re1 h5 0-1

[Event "19. Obert Int. Sant Marti 2017"]
[Site "Barcelona ESP"]
[Date "2017.07.19"]
[Round "7.22"]
[White "Glimbrant, Torbjorn"]
[Black "Dhulipalla, Bala Chandra Prasad"]
[Result "1/2-1/2"]
[WhiteElo "2238"]
[BlackElo "2335"]
[PlyCount "113"]
[EventDate "2017.07.13"]
[EventType "swiss"]
[EventRounds "9"]
[EventCountry "ESP"]
[SourceTitle "Ajedrez en Madrid"]
[Source "lmi"]
[SourceDate "2017.07.13"]
[SourceVersion "1"]
[SourceVersionDate "2019.06.21"]
[SourceQuality "1"]

1. d4 d5 2. c4 Nc6 3. Nf3 Bg4 4. Nc3 e6 5. cxd5 exd5 6. Bf4 Bb4 7. e3 Nf6 8. h3
Bxf3 9. Qxf3 Ne4 10. Rc1 Qe7 11. Qd1 O-O 12. Be2 Na5 13. O-O Bxc3 14. bxc3 Qa3
15. Qc2 Nd6 16. Bd3 h6 17. f3 Rad8 18. e4 dxe4 19. fxe4 c5 20. e5 Ndc4 21. Qe2
Nb2 22. Bb1 cxd4 23. cxd4 Rxd4 24. Rf3 Qb4 25. Qc2 g6 26. e6 Rxf4 27. exf7+
R4xf7 28. Rxf7 Qb6+ 29. Rf2 Nd3 30. Qxd3 Qxf2+ 31. Kh1 Qf7 32. Qd2 Qf4 33. Qd5+
Kh8 34. Re1 Nc6 35. Bxg6 Qg5 36. Qxg5 hxg5 37. Rb1 Kg7 38. Be4 Rf7 39. Rb5 Kf6
40. Rf5+ Kg6 41. Rxf7+ Kxf7 42. Bxc6 bxc6 43. Kg1 Ke6 44. Kf2 Kf5 45. Ke3 g4
46. a4 c5 47. hxg4+ Kxg4 48. Ke4 Kg3 49. Kd5 Kxg2 50. a5 Kf3 51. a6 Kf4 52.
Kxc5 Ke5 53. Kc6 Ke6 54. Kb7 Kd7 55. Kxa7 Kc7 56. Ka8 Kc8 57. a7 1/2-1/2

[Event "19. Obert Int. Sant Marti 2017"]
[Site "Barcelona ESP"]
[Date "2017.07.19"]
[Round "7.23"]
[White "Rodriguez Alvarez, Vidal"]
[Black "Debarshi, Mukherjee"]
[Result "1-0"]
[WhiteElo "2214"]
[BlackElo "2301"]
[PlyCount "131"]
[EventDate "2017.07.13"]
[EventType "swiss"]
[EventRounds "9"]
[EventCountry "ESP"]
[SourceTitle "Ajedrez en Madrid"]
[Source "lmi"]
[SourceDate "2017.07.13"]
[SourceVersion "1"]
[SourceVersionDate "2019.06.21"]
[SourceQuality "1"]

1. Nf3 c5 2. c4 Nc6 3. Nc3 g6 4. e3 d6 5. d4 Bg4 6. Be2 cxd4 7. exd4 Bg7 8. O-O
Nh6 9. d5 Bxf3 10. Bxf3 Ne5 11. b3 Nf5 12. Bb2 Qa5 13. Rc1 Nxf3+ 14. Qxf3 h5
15. Rfe1 O-O 16. Re4 a6 17. Rf4 b5 18. Rxf5 gxf5 19. Qxf5 bxc4 20. Ne4 f6 21.
Ng3 Qd2 22. Rb1 cxb3 23. axb3 Rac8 24. Nf1 Qc2 25. Qe6+ Kh8 26. Rc1 Qxc1 27.
Bxc1 Rxc1 28. Qxe7 Rb8 29. g3 h4 30. Qe6 f5 31. Qxf5 hxg3 32. Qh3+ Kg8 33. Qe6+
Kh8 34. hxg3 Rf8 35. f4 Rfc8 36. Qh3+ Kg8 37. Qe6+ Kh8 38. Kg2 R8c2+ 39. Kh3
Rc3 40. Qe8+ Kh7 41. Qe4+ Kh8 42. Qe8+ Kh7 43. Nd2 Rc8 44. Qe4+ Kh8 45. Nf3
Rh1+ 46. Kg4 Rh6 47. Ng5 Rf8 48. Qe7 Rg6 49. f5 Rgf6 50. Ne6 Rg8 51. Ng5 Rgf8
52. Ne6 Rg8 53. Ng5 Rgf8 54. Qe4 Bh6 55. Ne6 R8f7 56. Qc2 a5 57. Nf4 Rg7+ 58.
Ng6+ Kh7 59. Kh5 Rb7 60. g4 Rbf7 61. Qc8 Bg7 62. Kh4 Ra7 63. g5 Rff7 64. Nf4
Rf8 65. Qe6 Be5 66. f6 1-0

[Event "19. Obert Int. Sant Marti 2017"]
[Site "Barcelona ESP"]
[Date "2017.07.19"]
[Round "7.24"]
[White "Sama Salinas, Hector"]
[Black "Akash Pc, Iyer"]
[Result "0-1"]
[WhiteElo "2205"]
[BlackElo "2300"]
[PlyCount "68"]
[EventDate "2017.07.13"]
[EventType "swiss"]
[EventRounds "9"]
[EventCountry "ESP"]
[SourceTitle "Ajedrez en Madrid"]
[Source "lmi"]
[SourceDate "2017.07.13"]
[SourceVersion "1"]
[SourceVersionDate "2019.06.21"]
[SourceQuality "1"]

1. Nf3 d6 2. g3 e5 3. Bg2 f5 4. O-O Be7 5. d3 Nf6 6. Nc3 O-O 7. Bg5 c6 8. e4 h6
9. Bxf6 Bxf6 10. d4 exd4 11. Nxd4 Qb6 12. Nb3 Be5 13. Qd3 Na6 14. a4 f4 15. a5
Qd8 16. Qc4+ Kh8 17. Nd2 Bg4 18. Nf3 Qf6 19. Nxe5 Qxe5 20. gxf4 Rxf4 21. f3 Be6
22. Qe2 Rh4 23. f4 Rxf4 24. Rxf4 Qxf4 25. Rf1 Qe5 26. Qf3 Qxa5 27. Ne2 Bc4 28.
Bh3 Qd2 29. Rf2 Bxe2 30. Rxe2 Qc1+ 31. Kg2 Re8 32. Bf5 Nc5 33. Kh3 Rf8 34. Rg2
Ne6 0-1

[Event "19. Obert Int. Sant Marti 2017"]
[Site "Barcelona ESP"]
[Date "2017.07.19"]
[Round "7.25"]
[White "Kathmale, Sameer"]
[Black "Vantika, Agrawal"]
[Result "0-1"]
[WhiteElo "2294"]
[BlackElo "2230"]
[PlyCount "94"]
[EventDate "2017.07.13"]
[EventType "swiss"]
[EventRounds "9"]
[EventCountry "ESP"]
[SourceTitle "Ajedrez en Madrid"]
[Source "lmi"]
[SourceDate "2017.07.13"]
[SourceVersion "1"]
[SourceVersionDate "2019.06.21"]
[SourceQuality "1"]

1. e4 c5 2. Nf3 Nc6 3. Bb5 g6 4. O-O Bg7 5. c3 Nf6 6. d4 cxd4 7. cxd4 Nxe4 8.
d5 Nd6 9. Na3 Nb8 10. Re1 O-O 11. Bg5 f6 12. Bf4 f5 13. Qc2 b6 14. Rad1 Na6 15.
Qe2 Nc7 16. Ba4 Bf6 17. Ne5 Ba6 18. Qf3 b5 19. Bb3 Kh8 20. h4 Nce8 21. Bh6 Ng7
22. h5 g5 23. Qh3 g4 24. Qh2 Qe8 25. Nc2 Ne4 26. Nxg4 Bxb2 27. Ne5 Rf6 28. Ng6+
Rxg6 29. hxg6 Qxg6 30. f3 Nh5 31. Bc1 Bxc1 32. Qe5+ Nhf6 33. fxe4 Rg8 34. Re2
Qg4 35. Rde1 Bf4 36. Qxf5 Qg3 37. Kf1 b4 38. Qh3 Qxh3 39. gxh3 Nxe4 40. d6 e6
41. Bxe6 dxe6 42. d7 Ng3+ 43. Kf2 Nxe2 44. Rd1 Bc7 45. Nxb4 Bb6+ 46. Kf3 Rg3+
47. Ke4 Re3# 0-1

[Event "19. Obert Int. Sant Marti 2017"]
[Site "Barcelona ESP"]
[Date "2017.07.19"]
[Round "7.26"]
[White "Miranda Llanes, Yerisbel"]
[Black "Ahmed, Sk. Nasir"]
[Result "0-1"]
[WhiteElo "2285"]
[BlackElo "2221"]
[PlyCount "118"]
[EventDate "2017.07.13"]
[EventType "swiss"]
[EventRounds "9"]
[EventCountry "ESP"]
[SourceTitle "Ajedrez en Madrid"]
[Source "lmi"]
[SourceDate "2017.07.13"]
[SourceVersion "1"]
[SourceVersionDate "2019.06.21"]
[SourceQuality "1"]

1. d4 e6 2. c4 b6 3. Nc3 Bb7 4. e4 Bb4 5. f3 f5 6. exf5 Nh6 7. Bxh6 Qh4+ 8. g3
Qxh6 9. Qd2 Qxd2+ 10. Kxd2 Nc6 11. Ke3 Bxc3 12. bxc3 exf5 13. Rb1 Na5 14. Nh3
Rc8 15. c5 Bd5 16. a3 O-O 17. Nf4 Bf7 18. h4 Rb8 19. Bb5 Rfd8 20. Bd3 g6 21.
Rb4 bxc5 22. dxc5 Nc6 23. Rxb8 Rxb8 24. Rb1 Rxb1 25. Bxb1 Kg7 26. Bc2 Kf6 27.
Ne2 Ne5 28. a4 Bc4 29. Nd4 c6 30. f4 Ng4+ 31. Kf3 Nh2+ 32. Kf2 Ng4+ 33. Kf3 Ke7
34. h5 Nf6 35. hxg6 hxg6 36. Kf2 Nd5 37. Nf3 Nxc3 38. Ne5 Bf7 39. g4 fxg4 40.
Kg3 Nd5 41. Nxg6+ Bxg6 42. Bxg6 Nc7 43. Kxg4 Ne6 44. Bc2 Kf6 45. f5 Nxc5 46.
Kf4 d5 47. Kf3 Ke5 48. Kg4 Ne4 49. a5 c5 50. a6 c4 51. Bxe4 dxe4 52. Kg5 c3 53.
f6 c2 54. Kg6 c1=Q 55. f7 Qf4 56. Kg7 Qf6+ 57. Kg8 Qg6+ 58. Kh8 Qxa6 59. f8=Q
Qf6+ 0-1

[Event "19. Obert Int. Sant Marti 2017"]
[Site "Barcelona ESP"]
[Date "2017.07.19"]
[Round "7.27"]
[White "Gardela Batlle, Jordi"]
[Black "Ryan, Joseph"]
[Result "0-1"]
[WhiteElo "2151"]
[BlackElo "2284"]
[PlyCount "132"]
[EventDate "2017.07.13"]
[EventType "swiss"]
[EventRounds "9"]
[EventCountry "ESP"]
[SourceTitle "Ajedrez en Madrid"]
[Source "lmi"]
[SourceDate "2017.07.13"]
[SourceVersion "1"]
[SourceVersionDate "2019.06.21"]
[SourceQuality "1"]

1. d4 d5 2. c4 dxc4 3. Nf3 Nf6 4. e3 Bg4 5. Bxc4 e6 6. O-O Nbd7 7. Nc3 Bb4 8.
a3 Bxc3 9. bxc3 O-O 10. Be2 c5 11. Nd2 Bxe2 12. Qxe2 Rc8 13. Rb1 Nb6 14. Bb2
Na4 15. Ba1 cxd4 16. cxd4 Qd7 17. Qf3 b5 18. e4 Ne8 19. Rfd1 Nd6 20. Qg3 f6 21.
Qb3 Nc4 22. Nf1 a6 23. Qb4 Rfd8 24. Ne3 Nxe3 25. fxe3 Rc4 26. Qb3 Rdc8 27. e5
Nc3 28. Bxc3 Rxc3 29. Qa2 Rc2 30. Rb2 Rxb2 31. Qxb2 fxe5 32. Qb3 Rd8 33. Kf2
Qd5 34. Qxd5 Rxd5 35. Kf3 exd4 36. exd4 Kf7 37. Ke4 Ke7 38. Rc1 Kd7 39. g4 a5
40. Rb1 h5 41. h3 hxg4 42. hxg4 Ke7 43. Rb3 Kd6 44. Rb1 Kc6 45. Rc1+ Kd7 46.
Rb1 g5 47. Rb2 Kd6 48. Rb1 Kc6 49. Rc1+ Kb7 50. Rb1 Kb6 51. Rb3 b4 52. axb4 a4
53. Rc3 Kb5 54. Rc8 Kxb4 55. Kd3 e5 56. Ke4 Rxd4+ 57. Kf5 a3 58. Kxg5 Rc4 59.
Rb8+ Kc3 60. Kf5 Rf4+ 61. Kxe5 Rxg4 62. Rh8 a2 63. Rh3+ Kb4 64. Rh1 Rc4 65. Kd5
Kb3 66. Ra1 Rc2 0-1

[Event "19. Obert Int. Sant Marti 2017"]
[Site "Barcelona ESP"]
[Date "2017.07.19"]
[Round "7.28"]
[White "Larsson, Anders"]
[Black "Ajay, Karthikeyan"]
[Result "1-0"]
[WhiteElo "2276"]
[BlackElo "2187"]
[PlyCount "83"]
[EventDate "2017.07.13"]
[EventType "swiss"]
[EventRounds "9"]
[EventCountry "ESP"]
[SourceTitle "Ajedrez en Madrid"]
[Source "lmi"]
[SourceDate "2017.07.13"]
[SourceVersion "1"]
[SourceVersionDate "2019.06.21"]
[SourceQuality "1"]

1. e4 d6 2. d4 Nf6 3. Nc3 g6 4. Nf3 Bg7 5. h3 O-O 6. Be3 c6 7. a4 Nbd7 8. a5
Qc7 9. Qd2 e5 10. dxe5 dxe5 11. Bc4 b5 12. axb6 Nxb6 13. Bb3 Rd8 14. Qc1 Bb7
15. Bc5 Nbd7 16. Qe3 Bh6 17. Qxh6 Nxc5 18. Bc4 Ncxe4 19. Nxe4 Nxe4 20. O-O Kh8
21. Rfe1 f5 22. Bd3 c5 23. Bxe4 fxe4 24. Ng5 Qe7 25. Nxe4 Rd4 26. Ng3 a6 27.
Qe3 Re8 28. c3 Rd5 29. Ne4 Red8 30. Qg5 Qxg5 31. Nxg5 Kg8 32. Ne4 Kf7 33. c4
Rd4 34. Nxc5 Bc8 35. b3 Rd2 36. Nxa6 Rb2 37. Nc5 Rdd2 38. Ra7+ Ke8 39. Ne4 Rdc2
40. Nf6+ Kf8 41. Rxe5 Rb1+ 42. Kh2 1-0

[Event "19. Obert Int. Sant Marti 2017"]
[Site "Barcelona ESP"]
[Date "2017.07.19"]
[Round "7.29"]
[White "Valls Marti, Artur"]
[Black "Yao, Lan"]
[Result "1-0"]
[WhiteElo "2140"]
[BlackElo "2273"]
[PlyCount "131"]
[EventDate "2017.07.13"]
[EventType "swiss"]
[EventRounds "9"]
[EventCountry "ESP"]
[SourceTitle "Ajedrez en Madrid"]
[Source "lmi"]
[SourceDate "2017.07.13"]
[SourceVersion "1"]
[SourceVersionDate "2019.06.21"]
[SourceQuality "1"]

1. e4 c5 2. Nf3 d6 3. d4 cxd4 4. Nxd4 Nf6 5. Nc3 Nc6 6. Bg5 e6 7. Qd2 a6 8.
O-O-O Bd7 9. f3 Be7 10. h4 h6 11. Be3 h5 12. Bg5 Ne5 13. f4 Neg4 14. Qe1 Qc7
15. Rh3 b5 16. Bd3 b4 17. Nce2 e5 18. Nb3 a5 19. Kb1 O-O 20. Rf3 a4 21. Nbc1 b3
22. cxb3 axb3 23. Nxb3 Qa7 24. Nec1 Be6 25. Bc2 Rfc8 26. Rdd3 d5 27. exd5 e4
28. dxe6 exd3 29. exf7+ Kxf7 30. Bxd3 Bd6 31. Qd2 Qb6 32. Bf5 Bb4 33. Qd3 Rd8
34. Qc4+ Kf8 35. Rd3 Rxd3 36. Nxd3 Ne3 37. Qe6 Qxe6 38. Bxe6 Bd6 39. f5 Nfg4
40. Nf4 Bxf4 41. Bxf4 Rd8 42. a4 Nxg2 43. Bg5 Rd1+ 44. Ka2 Ne5 45. Nc5 Ne1 46.
Bb3 Rd6 47. Ne6+ Ke8 48. Nxg7+ Kd7 49. Nxh5 N1d3 50. f6 Rd4 51. a5 Rb4 52. a6
Rb8 53. a7 Ra8 54. Be3 Nb4+ 55. Kb1 Nbc6 56. f7 Nxa7 57. Nf6+ Ke7 58. Ng8+ Kd6
59. h5 Nxf7 60. Bxf7 Rf8 61. Bc4 Nc6 62. h6 Ne5 63. h7 Ng6 64. Bd3 Nh8 65. Bd4
Nf7 66. Bc4 1-0

[Event "19. Obert Int. Sant Marti 2017"]
[Site "Barcelona ESP"]
[Date "2017.07.19"]
[Round "7.30"]
[White "Neffe, Axel"]
[Black "Xu, Zhihang"]
[Result "0-1"]
[WhiteElo "2257"]
[BlackElo "2140"]
[PlyCount "46"]
[EventDate "2017.07.13"]
[EventType "swiss"]
[EventRounds "9"]
[EventCountry "ESP"]
[SourceTitle "Ajedrez en Madrid"]
[Source "lmi"]
[SourceDate "2017.07.13"]
[SourceVersion "1"]
[SourceVersionDate "2019.06.21"]
[SourceQuality "1"]

1. d4 Nf6 2. c4 e6 3. Nc3 Bb4 4. e3 O-O 5. Nge2 d5 6. a3 Be7 7. cxd5 exd5 8.
Nf4 c6 9. Bd3 Bd6 10. Nfe2 Re8 11. Qc2 h6 12. f3 c5 13. g4 Nc6 14. dxc5 Bxc5
15. Nd1 Bb6 16. h4 Ne5 17. g5 hxg5 18. hxg5 Nxf3+ 19. Kf1 Nxg5 20. Nf4 Ng4 21.
Qg2 Bxe3 22. Rh4 Bxf4 23. Bxf4 Qf6 0-1

[Event "19. Obert Int. Sant Marti 2017"]
[Site "Barcelona ESP"]
[Date "2017.07.19"]
[Round "7.31"]
[White "Srijit, Paul"]
[Black "Chernikov, Vladimir"]
[Result "1-0"]
[WhiteElo "2247"]
[BlackElo "2079"]
[PlyCount "97"]
[EventDate "2017.07.13"]
[EventType "swiss"]
[EventRounds "9"]
[EventCountry "ESP"]
[SourceTitle "Ajedrez en Madrid"]
[Source "lmi"]
[SourceDate "2017.07.13"]
[SourceVersion "1"]
[SourceVersionDate "2019.06.21"]
[SourceQuality "1"]

1. e4 d6 2. d4 Nf6 3. Nc3 e5 4. Nf3 Nbd7 5. Bc4 Be7 6. O-O O-O 7. Re1 c6 8. a4
exd4 9. Nxd4 Ne5 10. Bf1 Re8 11. Bf4 Qc7 12. Bg3 Nh5 13. Bxe5 dxe5 14. Ndb5
cxb5 15. Nd5 Qd8 16. Qxh5 bxa4 17. Bb5 Bd7 18. Bxa4 Bxa4 19. Rxa4 Qd7 20. Rea1
Rac8 21. c3 Bc5 22. R4a2 Rc6 23. b4 Bb6 24. Rd2 Qe6 25. Rd3 Qg6 26. Qf3 h6 27.
Re1 Kh7 28. Qh3 Rc4 29. Qh4 Bd8 30. Qg3 Bg5 31. h4 Bd8 32. Qxg6+ Kxg6 33. g3
Kh7 34. f3 g6 35. Kf1 Kg7 36. Ke2 Bb6 37. Red1 Rec8 38. g4 g5 39. hxg5 hxg5 40.
Rh1 Rh8 41. Rxh8 Kxh8 42. Ne7 a5 43. Rd6 Bc7 44. Rd7 axb4 45. cxb4 Kg7 46. Nd5
Bb8 47. Rxb7 Bd6 48. Ne3 Rc6 49. b5 1-0

[Event "19. Obert Int. Sant Marti 2017"]
[Site "Barcelona ESP"]
[Date "2017.07.19"]
[Round "7.32"]
[White "Mateus, Alejandro"]
[Black "Kyrkjebo, Hanna B."]
[Result "1-0"]
[WhiteElo "2240"]
[BlackElo "1923"]
[PlyCount "87"]
[EventDate "2017.07.13"]
[EventType "swiss"]
[EventRounds "9"]
[EventCountry "ESP"]
[SourceTitle "Ajedrez en Madrid"]
[Source "lmi"]
[SourceDate "2017.07.13"]
[SourceVersion "1"]
[SourceVersionDate "2019.06.21"]
[SourceQuality "1"]

1. d4 Nf6 2. Nc3 d5 3. Bf4 Bf5 4. Nb5 Na6 5. a3 c6 6. Nc3 e6 7. e3 Nb8 8. Bd3
Bg6 9. Nf3 Nbd7 10. O-O Be7 11. Ne5 Nxe5 12. Bxe5 Bd6 13. f4 O-O 14. Qf3 Be7
15. Bxf6 Bxf6 16. g4 Bxd3 17. cxd3 g6 18. Rac1 Bg7 19. Rc2 f5 20. g5 Rc8 21.
Rfc1 Qd7 22. Ne2 Rc7 23. h4 Rfc8 24. b4 a5 25. h5 Qe7 26. Rb1 Ra8 27. Qh3 axb4
28. axb4 Ra4 29. Rcb2 b5 30. hxg6 hxg6 31. Kf2 Rca7 32. Rh1 Ra2 33. Qh7+ Kf7
34. Rxa2 Rxa2 35. Rh6 Kf8 36. Rxg6 Ra7 37. Ng3 Qxb4 38. Rxe6 Qd2+ 39. Ne2 Rf7
40. g6 Ra7 41. Rf6+ Ke8 42. Qg8+ Kd7 43. Qxg7+ Kc8 44. Rf8# 1-0

[Event "19. Obert Int. Sant Marti 2017"]
[Site "Barcelona ESP"]
[Date "2017.07.19"]
[Round "7.33"]
[White "Rios Parra, Alejandro"]
[Black "Sapale, Saloni"]
[Result "0-1"]
[WhiteElo "2342"]
[BlackElo "2049"]
[PlyCount "76"]
[EventDate "2017.07.13"]
[EventType "swiss"]
[EventRounds "9"]
[EventCountry "ESP"]
[SourceTitle "Ajedrez en Madrid"]
[Source "lmi"]
[SourceDate "2017.07.13"]
[SourceVersion "1"]
[SourceVersionDate "2019.06.21"]
[SourceQuality "1"]

1. e4 c5 2. Nf3 d6 3. d4 Nf6 4. Nc3 cxd4 5. Nxd4 a6 6. f4 e5 7. Nf3 Qc7 8. Bd3
Nbd7 9. O-O b5 10. Qe1 Bb7 11. a4 b4 12. Nd1 Nc5 13. Nf2 Be7 14. fxe5 dxe5 15.
Bg5 Ncd7 16. Kh1 Bc5 17. c3 bxc3 18. Qxc3 Bd6 19. Qd2 O-O 20. b4 Rfc8 21. Rfb1
Bf8 22. Qe2 h6 23. Be3 Ne8 24. Nd2 Nd6 25. Nb3 f5 26. Rc1 Qd8 27. exf5 e4 28.
Bc2 Nxf5 29. Bc5 Qh4 30. Kg1 Nxc5 31. bxc5 Re8 32. Na5 Bd5 33. Bb3 Bxb3 34.
Nxb3 e3 35. Nd1 Rab8 36. Rc3 Kh8 37. g3 Qf6 38. Ra3 Rxb3 0-1

[Event "19. Obert Int. Sant Marti 2017"]
[Site "Barcelona ESP"]
[Date "2017.07.19"]
[Round "7.34"]
[White "Meza Ponce, Jerry"]
[Black "Grafl, Florian"]
[Result "0-1"]
[WhiteElo "2116"]
[BlackElo "2374"]
[PlyCount "72"]
[EventDate "2017.07.13"]
[EventType "swiss"]
[EventRounds "9"]
[EventCountry "ESP"]
[SourceTitle "Ajedrez en Madrid"]
[Source "lmi"]
[SourceDate "2017.07.13"]
[SourceVersion "1"]
[SourceVersionDate "2019.06.21"]
[SourceQuality "1"]

1. Nf3 b6 2. g3 Bb7 3. Bg2 e6 4. O-O f5 5. c4 Nf6 6. Nc3 Bb4 7. d4 Bxc3 8. bxc3
O-O 9. a4 Ne4 10. Qc2 Nc6 11. Nd2 Nxd2 12. Bxd2 Na5 13. Bxb7 Nxb7 14. Qd3 d6
15. e4 Qd7 16. Rfe1 Na5 17. exf5 exf5 18. Re2 Rae8 19. Rae1 Rxe2 20. Rxe2 h6
21. Qf3 Nxc4 22. Bf4 d5 23. Qh5 Kh7 24. Re1 Rf7 25. h3 a5 26. Bc1 Nd6 27. Re5
Ne4 28. g4 Rf6 29. gxf5 Qxa4 30. Kg2 Qc2 31. Be3 Nd6 32. Bxh6 Rxh6 33. Qg4 Ne4
34. Qf4 Qxc3 35. h4 Qxd4 36. f6 Rxf6 0-1

[Event "19. Obert Int. Sant Marti 2017"]
[Site "Barcelona ESP"]
[Date "2017.07.19"]
[Round "7.35"]
[White "Vignesh, B."]
[Black "Martinez, Ayelen"]
[Result "1-0"]
[WhiteElo "2124"]
[BlackElo "2279"]
[PlyCount "65"]
[EventDate "2017.07.13"]
[EventType "swiss"]
[EventRounds "9"]
[EventCountry "ESP"]
[SourceTitle "Ajedrez en Madrid"]
[Source "lmi"]
[SourceDate "2017.07.13"]
[SourceVersion "1"]
[SourceVersionDate "2019.06.21"]
[SourceQuality "1"]

1. e4 e5 2. Nf3 Nc6 3. Bc4 Nf6 4. d3 Be7 5. c3 O-O 6. Bb3 d5 7. Qe2 a5 8. exd5
a4 9. Bc4 Nxd5 10. Nxe5 Nxe5 11. Qxe5 Nb6 12. O-O Nxc4 13. dxc4 Be6 14. Qe4 Ra5
15. Bf4 Rh5 16. Nd2 g5 17. Be3 Qd6 18. Nf3 c6 19. Rfd1 Qb8 20. g3 c5 21. h4 Re8
22. Nxg5 Rxg5 23. Bxg5 Bxg5 24. hxg5 b5 25. cxb5 Qxb5 26. Rd2 Bh3 27. Qh4 Bf5
28. Rad1 Re6 29. Qf4 Bh3 30. Kh2 Bf1 31. Rd8+ Kg7 32. R8d7 Kg6 33. Qxf7+ 1-0